000
00327nam a22001457a 4500
003
OSt
005
20160727222348.0
008
160621b xxu||||| |||| 00| 0 eng d
040
_c
TEST
100
_9
297
_a
Rice, H. S
245
_a
Heart Gifts
260
_a
USA
_b
Fleming H.Revell
_c
1987
300
_a
Heart Gifts
942
_2
ddc
_c
BK
999
_c
241
_d
241